000 00681nam a2200241Ia 4500
003 OSt
005 20220918210823.0
006 a|||||r|||| 00| 0
007 ta
008 220917b |||||||| |||| 00| 0 eng d
024 _a122,203
037 _cTextual
040 _aARTS
_cARTS
_beng
041 _2eng
_aeng
082 _aV91:1:N5, 122K0
100 _aTousaint Auguste
_9119340
245 0 _aHistorical de l'Ocean Indian
260 _aNA
_bNA
_c1960
490 _aPays d'outer-mer sixieme series peuples et civilisations d'outerr-mer; 4
650 _aHISTORY
942 _hV91:1:N5, 122K0
_cTEXL
_2CC
999 _c245395
_d245395